000 00627nam a22002057a 4500
003 OSt
005 20240603025553.0
008 240603b |||||||| |||| 00| 0 eng d
020 _a9786214061464
040 _aDWC- Main Lib
_cOC
082 _aFil.126 M188u 2018
100 _aMagalona, Ethel
245 _aUnderstanding the self :
_b developing life skills /
_cEthel Magalona.
260 _aManila, Philippines :
_bMindshapers Co., Inc.,
_cc2018.
300 _ax, 182 pages :
_billustrations ;
_c26 cm.
504 _aIncludes bibliographical references.
650 _a1. Identity
650 _a2. Self
942 _2ddc
_cBK - FIL
_n1
999 _c84
_d84